Longest One-Word Country Names - Sudden Death - Statistics

General Stats
  • This quiz has been taken 140 times
  • The average score is 5 of 14
Answers on the Grid
Answers color-coded by a green-red scale on the quiz's grid according to % correct below.
 
Answer Stats
Answer % Correct
56%
49%
44%
42%
40%
39%
38%
37%
36%
36%
33%
33%
31%
29%
No matching quizzes found
Score Distribution
Percent of People with Each Score
Percentile by Number Answered
Your Score History
You have not taken this quiz